000 00426nam a2200121 a 4500
008 120416s1979 xx |||||||||||||| || u
050 _aTD 791 Bri
100 _aBridgwater, A. V
245 1 0 _aWaste recycling and pollution control handbook
260 _c1979
350 _a0.00
995 _D0.00
_FCBU-MAIN LIBRARY (Kitwe)
_H1
_I32.00
_M1
_UDAMAGED
_ZMain Library Open Access Collection
999 _c61442
_d61442